Представление документа в формате RUSMARC

ПолеНазваниеЗначение
  Тип записи a
  Библиографический уровень m
001 Контрольный номер RU/IS/BASE/401559899
005 Дата корректировки 20201206204837.4
010 Индекс ISBN __
d Цена 3000-00
101 Язык документа 1_
a Язык текста rus
200 Заглавие и сведения об ответственности 1_
a Заглавие Шинель
f Первые сведения об ответственности Н. В. Гоголь ; [худож. Л. А. Коненко ; дизайн С. Коненко]
b Общее обозначение материала Текст
210 Выходные данные __
a Место издания Омск
c Издательство Сиб. левша
d Дата издания 2009
215 Физическое описание __
a Объем 118, [2] с.
c Иллюстрации/тип воспроизводства [1] л. портр., ил.
d Формат 30х32 мм
300 Общие примечания __
a Общие примечания Миниатюр. изд. в суперобл.
a Общие примечания Посвящ. 200-летию со дня рождения Н. В. Гоголя
606 Тематические рубрики __
a Основная рубрика Художественная литература
606 Тематические рубрики __
a Основная рубрика Русская литература XIX в. (произведения)
610 Ключевые слова __
a Ключевые слова повести; тема чиновничества; тема человека; тема маленького человека; миниатюрные книги; миниатюрные издания
686 Индексы других классификаций __
a Классификационный индекс 84(2=411.2)52-4
700 Автор _1
a Фамилия Гоголь
b Имя Н. В.
g Полное личное имя Николай Васильевич
4 Код отношения 070
702 Вторичная интеллектуальная ответственность _1
a Фамилия Коненко
b Имя А. И.
4 Код отношения Художник
g Полное личное имя Анатолий Иванович
4 Код отношения 040
702 Вторичная интеллектуальная ответственность _1
a Фамилия Коненко
b Имя Л. М.
4 Код отношения Художник
g Полное личное имя Любовь Михайловна
4 Код отношения 040
702 Вторичная интеллектуальная ответственность _1
a Фамилия Коненко
b Имя С. А.
4 Код отношения Дизайн
g Полное личное имя Станислав Анатольевич
4 Код отношения 040
801 Источник записи _0
a Страна RU
b Организация Муниципальное бюджетное учреждение культуры "Централизованная библиотечная система" г. Сургут (Центральная городская библиотека им. А. С. Пушкина)
g Правила каталогизации КиК/Лукашук
801 Источник записи _1
a Страна RU
b Организация Муниципальное бюджетное учреждение культуры "Централизованная библиотечная система" г. Сургут (Центральная городская библиотека им. А. С. Пушкина)
g Правила каталогизации КиК/Лукашук
852 Данные о местонахождении __
j Шифр хранения 84(2=411.2)52-4
i Авторский знак Г 58
901 Тип документа __
t Тип документа m
903 Характеристики (МАРС) __
a Дата передачи 20120921
990 Данные о заказе (DOS) __
j Количество экземпляров (DOS) 1
t N записи в КСУ для И/У (DOS) 201209